000 00886cam a22003017a 4500
003 CHAP
005 20220329140316.0
008 971013s1954 r 00010 d
010 _a50145
011 _a51117
035 _a55267
040 _cCHAP
082 _a633.18
_bP53
100 0 0 _aPiacco, Romeo.
_987936
245 1 3 _aLe razze di riso coltivate in Italia
260 _aVercelli :
_bStazione Sperimentale de Risocoltura,
_c1954
300 _a134 p.
_b: ilus.
490 0 _aQuaderni
_v; 38
590 _aBATCH-UPD
_b10
_c20130109
_lUCH01
_h2329
590 _aBATCH-UPD
_b10
_c20130110
_lUCH01
_h0358
590 _aCONVERSION
_b10
_c20130109
_lUCH01
_h1327
650 1 4 _aArroz
_xItalia.
_97628
650 1 4 _aArroz
_xVariedades.
_97668
830 0 _aQuaderni
_v; 38
_993119
901 _aBK
942 _cLIBRO
949 _a633.18 P53
_bBC
_cLIBRO
_d-121373
_eLIBRO
_h38153
_i55267
_mD
_si
999 _c50145
_d50145